<?xml version="1.0" encoding="UTF-8"?><record xmlns="http://www.loc.gov/MARC21/slim" xmlns:zs="http://docs.oasis-open.org/ns/search-ws/sruResponse">
  <leader>05311ctm a2200709 i 4500</leader>
  <controlfield tag="001">17589888</controlfield>
  <controlfield tag="005">20250724152451.9</controlfield>
  <controlfield tag="008">130114s16uu    ir            000 0 per  </controlfield>
  <datafield ind1=" " ind2=" " tag="035">
    <subfield code="a">17589888</subfield>
  </datafield>
  <datafield ind1=" " ind2=" " tag="906">
    <subfield code="a">7</subfield>
    <subfield code="b">cbc</subfield>
    <subfield code="c">orignew</subfield>
    <subfield code="d">2</subfield>
    <subfield code="e">ncip</subfield>
    <subfield code="f">20</subfield>
    <subfield code="g">y-nonroman</subfield>
  </datafield>
  <datafield ind1="0" ind2=" " tag="925">
    <subfield code="a">acquire</subfield>
    <subfield code="b">1 shelf copies</subfield>
    <subfield code="x">policy default</subfield>
  </datafield>
  <datafield ind1=" " ind2=" " tag="955">
    <subfield code="i">ce08 2013-01-14; Yasmeen Khan (CD) consulted</subfield>
    <subfield code="e">ce08 2013-02-01 to AMED for WDL;</subfield>
    <subfield code="u">cm03 2022-06-08 (update wording of 520 field, at request of AMED staff)</subfield>
  </datafield>
  <datafield ind1=" " ind2=" " tag="955">
    <subfield code="a">LCAP batch update 2025-06-02-04:00: LCAPM-893</subfield>
  </datafield>
  <datafield ind1=" " ind2=" " tag="010">
    <subfield code="a">  2012498359</subfield>
  </datafield>
  <datafield ind1=" " ind2=" " tag="040">
    <subfield code="a">DLC</subfield>
    <subfield code="e">rda</subfield>
    <subfield code="c">DLC</subfield>
    <subfield code="d">DLC</subfield>
  </datafield>
  <datafield ind1="0" ind2=" " tag="041">
    <subfield code="a">per</subfield>
    <subfield code="a">ara</subfield>
  </datafield>
  <datafield ind1=" " ind2=" " tag="043">
    <subfield code="a">n-us-dc</subfield>
  </datafield>
  <datafield ind1="0" ind2="0" tag="050">
    <subfield code="a">BP193.1</subfield>
    <subfield code="b">.I25 1600z</subfield>
  </datafield>
  <datafield ind1=" " ind2=" " tag="066">
    <subfield code="c">(3</subfield>
    <subfield code="c">(4</subfield>
  </datafield>
  <datafield ind1="1" ind2=" " tag="100">
    <subfield code="6">880-01</subfield>
    <subfield code="a">Ibn Rustam Khān Ṣafī Qulī.</subfield>
  </datafield>
  <datafield ind1="1" ind2=" " tag="880">
    <subfield code="6">100-01/(3/r</subfield>
    <subfield code="a">ابن رستم خان صفي قلي.</subfield>
  </datafield>
  <datafield ind1="1" ind2="0" tag="245">
    <subfield code="6">880-02</subfield>
    <subfield code="a">Durrat al-tāj.</subfield>
  </datafield>
  <datafield ind1="1" ind2="0" tag="880">
    <subfield code="6">245-02/(3/r</subfield>
    <subfield code="a">درة التاج.</subfield>
  </datafield>
  <datafield ind1=" " ind2="0" tag="264">
    <subfield code="c">[17th century?]</subfield>
  </datafield>
  <datafield ind1=" " ind2=" " tag="300">
    <subfield code="a">37 leaves (9 lines), bound :</subfield>
    <subfield code="b">paper ;</subfield>
    <subfield code="c">22.7 x 14 cm</subfield>
  </datafield>
  <datafield ind1=" " ind2=" " tag="336">
    <subfield code="a">text</subfield>
    <subfield code="2">rdacontent</subfield>
  </datafield>
  <datafield ind1=" " ind2=" " tag="337">
    <subfield code="a">unmediated</subfield>
    <subfield code="2">rdamedia</subfield>
  </datafield>
  <datafield ind1=" " ind2=" " tag="338">
    <subfield code="a">volume</subfield>
    <subfield code="2">rdacarrier</subfield>
  </datafield>
  <datafield ind1=" " ind2=" " tag="500">
    <subfield code="6">880-03</subfield>
    <subfield code="a">Incipit: Durrat al-tāj ʻibārāt-i sharīf ... amma baʻd, bandah ba-ikhlāṣ-i dūdmān-i khilāfat-i nishān-i vilāyat-i tavāmān-i Safavī Ibn Rustam Khān Ṣafī Qulī maʻrūz̤-i ḥijāb-i bār-kāh malāyik-i sipāh mī-kardand ...</subfield>
  </datafield>
  <datafield ind1=" " ind2=" " tag="880">
    <subfield code="6">500-03/(4/r</subfield>
    <subfield code="a">Incipit: درة التاج عبارات شريف ... اما بعد بنده باخلاص دودمان خلافت نشان ولايت توامان صفوي ابن رستم خان صفي قلي معروض حجاب باركاه ملايك سپاه ميكردند...</subfield>
  </datafield>
  <datafield ind1=" " ind2=" " tag="500">
    <subfield code="a">Binding is referred to as "chahargusheh" or a  frame binding around a Kashmiri shawl from the first half of the 1700's (circa 1740's).</subfield>
  </datafield>
  <datafield ind1=" " ind2=" " tag="500">
    <subfield code="a">Fol. 6a: Ibn Rustam Khān Ṣafī Qulī.</subfield>
  </datafield>
  <datafield ind1=" " ind2=" " tag="500">
    <subfield code="a">Folios 1a-37b.</subfield>
  </datafield>
  <datafield ind1=" " ind2=" " tag="500">
    <subfield code="a">Lacks colophon.</subfield>
  </datafield>
  <datafield ind1=" " ind2=" " tag="500">
    <subfield code="a">Library of Congress manuscript, Persian Cage 249 (122).</subfield>
    <subfield code="5">DLC</subfield>
  </datafield>
  <datafield ind1=" " ind2=" " tag="500">
    <subfield code="a">Manuscript.</subfield>
  </datafield>
  <datafield ind1=" " ind2=" " tag="500">
    <subfield code="a">Naskhī script; 9 lines in written area 14 x 7 cm.</subfield>
  </datafield>
  <datafield ind1=" " ind2=" " tag="500">
    <subfield code="a">Paper: thick, cream colored polished Middle Eastern style, without distinctive chain or laid lines, and no water mark, with profuse decoration out side of the written area, black ink with gold decorations between lines and around lined borders of written area; rubricated.</subfield>
  </datafield>
  <datafield ind1=" " ind2=" " tag="500">
    <subfield code="a">Probably written in Kufah, Iraq or Iran.</subfield>
  </datafield>
  <datafield ind1=" " ind2=" " tag="500">
    <subfield code="a">Title "Durrat al-tāj" written in heavy dark ink by a later hand on fol. 1a; folio 21a has barely legible date 1246 (1830/1831 C.E.).</subfield>
  </datafield>
  <datafield ind1=" " ind2=" " tag="500">
    <subfield code="a">Title from folio 1a.</subfield>
  </datafield>
  <datafield ind1=" " ind2=" " tag="520">
    <subfield code="a">Shiite prayer book; consists of prayers to be said on the visitation of Caliph ʻAlī ibn Abī Ṭālib's tomb.</subfield>
  </datafield>
  <datafield ind1=" " ind2=" " tag="520">
    <subfield code="a">This manuscript of Durrat al-tāj (The crown jewel) is a Shiite prayer book, consisting of prayers to be said when making a visitation to the tomb of Caliph ʻAlī ibn Abī Ṭālib (circa 601-61). 'Alī ibn Abī Ṭālib is one of the most revered religious and holy figures of Islam. In Iran, he is referred to by the honorary name Amir al-Muʼminin, which translates from Arabic as “Commander of the Faithful” and is used to refer to him in Persian. Written works by 'Alī ibn Abī Ṭālib and sayings attributed to him are sacred to the Shiite faithful, particularly among Persian speakers. The manuscript was probably written in Iran, possibly in the 17th century. The paper is of a thick, cream-colored polished Middle Eastern style, without distinctive chain or laid lines, and no watermark. The text is written in black ink in naskhī script, nine lines on each page, with gold decorations between lines. The borders of the written area are lined with black ink, with profuse decoration outside of the written area. The text is rubricated. The title was added by a later hand. There is no colophon. The binding is referred to as chahargusheh, meaning a frame binding made around a Kashmiri shawl dating from the first half of the 1700s (circa 1740s).</subfield>
    <subfield code="c">World Digital Library.</subfield>
  </datafield>
  <datafield ind1=" " ind2=" " tag="530">
    <subfield code="a">Also available in digital form on the Library of Congress website.</subfield>
  </datafield>
  <datafield ind1=" " ind2=" " tag="546">
    <subfield code="a">Persian and Arabic.</subfield>
  </datafield>
  <datafield ind1="1" ind2=" " tag="583">
    <subfield code="a">Conserved;</subfield>
    <subfield code="b">01-84-026.367</subfield>
    <subfield code="c">1984</subfield>
    <subfield code="j">Library of Congress Conservation Division.</subfield>
    <subfield code="z">For treatment information, contact the Preservation Directorate.</subfield>
    <subfield code="u">https://ask.loc.gov/preservation</subfield>
    <subfield code="2">pda</subfield>
    <subfield code="5">DLC</subfield>
  </datafield>
  <datafield ind1="0" ind2="0" tag="600">
    <subfield code="a">ʻAlī ibn Abī Ṭālib,</subfield>
    <subfield code="c">Caliph,</subfield>
    <subfield code="d">approximately 600-661</subfield>
    <subfield code="x">Tomb.</subfield>
  </datafield>
  <datafield ind1=" " ind2="0" tag="650">
    <subfield code="a">Manuscripts, Persian</subfield>
    <subfield code="z">Washington (D.C.)</subfield>
  </datafield>
  <datafield ind1=" " ind2="0" tag="650">
    <subfield code="a">Muslim pilgrims and pilgrimages</subfield>
    <subfield code="z">Iraq</subfield>
    <subfield code="z">Kūfah</subfield>
    <subfield code="v">Early works to 1800.</subfield>
  </datafield>
  <datafield ind1=" " ind2="0" tag="650">
    <subfield code="a">Shīʻah</subfield>
    <subfield code="v">Prayers and devotions</subfield>
    <subfield code="v">Early works to 1800.</subfield>
  </datafield>
  <datafield ind1=" " ind2="0" tag="650">
    <subfield code="a">Shīʻah</subfield>
    <subfield code="x">Customs and practices</subfield>
    <subfield code="v">Early works to 1800.</subfield>
  </datafield>
  <datafield ind1=" " ind2="7" tag="655">
    <subfield code="a">Devotional literature.</subfield>
    <subfield code="2">lcgft</subfield>
    <subfield code="0">https://id.loc.gov/authorities/genreForms/gf2015026057</subfield>
  </datafield>
  <datafield ind1=" " ind2="7" tag="655">
    <subfield code="a">Prayers.</subfield>
    <subfield code="2">lcgft</subfield>
    <subfield code="0">https://id.loc.gov/authorities/genreForms/gf2015026049</subfield>
  </datafield>
  <datafield ind1=" " ind2=" " tag="752">
    <subfield code="a">Iran</subfield>
  </datafield>
  <datafield ind1=" " ind2=" " tag="752">
    <subfield code="a">Iraq</subfield>
  </datafield>
  <datafield ind1="4" ind2="1" tag="856">
    <subfield code="d">plmp</subfield>
    <subfield code="f">m086</subfield>
    <subfield code="u">https://hdl.loc.gov/loc.amed/plmp.m086</subfield>
  </datafield>
  <datafield ind1="4" ind2="1" tag="856">
    <subfield code="u">http://hdl.loc.gov/loc.wdl/wdl.11245</subfield>
  </datafield>
  <datafield ind1=" " ind2=" " tag="952">
    <subfield code="a">digital files not viewed; td12 2013-7-16</subfield>
  </datafield>
  <datafield ind1=" " ind2=" " tag="952">
    <subfield code="a">Near East scanned</subfield>
  </datafield>
  <datafield ind1=" " ind2=" " tag="985">
    <subfield code="a">amed/plmp</subfield>
    <subfield code="e">plmp</subfield>
  </datafield>
  <datafield ind1=" " ind2=" " tag="985">
    <subfield code="a">amed/lilly</subfield>
  </datafield>
  <datafield ind1=" " ind2=" " tag="985">
    <subfield code="a">wdl</subfield>
  </datafield>
</record>
